000
00342 a2200157 4500
001
68405
020
_a
9786556132839
040
_c
Anchieta - Pituba
100
_a
Santos, Thaís Siqueira
240
1
0
_a
História 8º ano
_l
245
1
0
_a
História 8º ano
300
_a
224
362
0
_a
2023
650
4
_a
História do mundo
942
_c
BK
999
_c
68405
_d
68405